| 000 | 01685nam2a22003251 4500 | ||
|---|---|---|---|
| 001 | rc\614153 | ||
| 005 | 20250621231439.0 | ||
| 035 | _a(NLR Aleph) 005971483 | ||
| 090 |
_a6939835 _c6939835 |
||
| 100 | _a20031121d1986 |||y0rusy50 ca | ||
| 101 | 0 | _arus | |
| 102 | _aRU | ||
| 105 | _aa ||||||||| | ||
| 200 | 1 | _aПовести, рассказы | |
| 210 |
_d1986 _aБ. м. |
||
| 215 |
_a560 с. _cпортр. |
||
| 327 | 1 | _aСодерж.: Журавль; Пятница; Полдень; Кто живет на звездах? Белый дым; Постояльцы; Дворец Посейдона; Бассейн | |
| 461 | 0 |
_1001rc\614152 _12001#$aИзбранные произведения$eВ 2 т.$fТамаз Чиладзе$gПер. с груз. А. Беставашвили$g[Вступ. ст., с. 5-28, Г. Гвердцители]$vТ. 1 _1700#1$aЧиладзе$bТ.$gТамаз$f1931- _96939828 _aЧиладзе, Т. (1931-) _cТбилиси _d1986- _fТамаз Чиладзе _nМерани _oВ 2 т. _tИзбранные произведения _vТ. 1 |
|
| 464 | 0 |
_12001#$aЖуравль _tЖуравль |
|
| 464 | 0 |
_12001#$aПятница _tПятница |
|
| 464 | 0 |
_12001#$aПолдень _tПолдень |
|
| 464 | 0 |
_12001#$aКто живет на звездах? Белый дым _tКто живет на звездах? Белый дым |
|
| 464 | 0 |
_12001#$aПостояльцы _tПостояльцы |
|
| 464 | 0 |
_12001#$aДворец Посейдона _tДворец Посейдона |
|
| 464 | 0 |
_12001#$aБассейн _tБассейн |
|
| 801 | 0 |
_aRU _bNLR _gpsbo |
|
| 801 | 1 |
_aRU _bELAR _2rusmarc |
|
| 852 |
_aNLR _j87-3/1466 |
||
| 942 | _cBOOK | ||
| 980 | _aNB | ||